000 00545nam a2200205Ia 4500
005 20250508151849.0
008 008 250505s9999 xx 000 0 rus d
037 _aBooks to be hide in OPAC
040 _aFEDL
_beng
_cFEDL
041 _arus
_2eng
084 _qFEDL
100 _aBarhydarob S G
_9760184
245 0 _aRussian grammar, Part 2 syntax, for classes VI-VII of middle school
260 _c1956
300 _a143p.
546 _aWeeded out
700 _a Kruchkob S E
_9760185
942 _cHB
999 _c1332580
_d1332580